KOHA-Header-6

English Brushup (Record no. 13669)

000 -LEADER
fixed length control field 00321nam a22001337a 4500
020 ## - INTERNATIONAL STANDARD BOOK NUMBER
ISBN 9780073513607
082 ## - DEWEY DECIMAL CLASSIFICATION NUMBER
Classification number 428.2
100 ## - MAIN ENTRY--AUTHOR NAME
Personal name John Langan ; Janet M. Goldstein
245 ## - TITLE STATEMENT
Title English Brushup
250 ## - EDITION STATEMENT
Edition statement Sixth Edition
260 ## - PUBLICATION, DISTRIBUTION, ETC. (IMPRINT)
Place of publication New York
Name of publisher McGraw Hill Education
Year of publication 2015
300 ## - PHYSICAL DESCRIPTION
Number of Pages vi, 265 pages
942 ## - ADDED ENTRY ELEMENTS (KOHA)
Koha item type Books
Holdings
Withdrawn status Lost status Collection code Permanent Location Current Location Shelving location Date acquired Full call number Accession Number Koha item type
    English Literature MAJU MAJU Shelf No.A14 2023-01-12 428.2 10765 Books

Powered by Koha